000 00261nam a2200109Ia 4500
008 220204s9999 xx 000 0 und d
082 _a82-3
_bCLA
100 _aClarke, A C
245 0 _aof time and stars
260 _aLondon
_bVictor Gollancz
_c1975
942 _cBK
999 _c24825
_d24825